00775nam a2200217Ia 4500001001000000003000500010008004100015010001100056040000900067100003000076245015600106260003400262300001000296502010600306650002900412650002900441650002100470650002400491650001600515650002600531Para_9118CHAP220125s2006 xx 000 0 und d a207871 cCHAP aJuárez Merlín, Karina aDiagnóstico de enfermedades del chayote (Sechium edule (Jacq) Sw) en postcosecha en Coscomatepec, Veracruz, México /c por Karina Juárez Merlín aChapingo, Méx. :b el autor a69 h. aTesis (Ing. Agr. Esp. en Parasitología Agrícola) -- UACh. Departamento Parasitología Agrícola aChayote x enfermedades  aCladosporium cucumerinum aColletotrichum  aFusarium oxysporum  aGeotrichum  aPhytophthora capsici